Statistiche per Comuni della Provincia di Genova

Clicka qui per fare il quiz!

Statistiche generali

  • Questo quiz è stato fatto 23 volte
  • Il punteggio medio è 24 su 67

Statistiche sulle risposte

Comune% Corretto
Arenzano
88%
Chiavari
82%
Cogoleto
82%
Genova
82%
Rapallo
82%
Sestri Levante
82%
Lavagna
76%
Bogliasco
71%
Portofino
71%
Recco
71%
Busalla
65%
Ronco Scrivia
65%
Sori
65%
Camogli
59%
Rossiglione
53%
Casella
47%
Isola del Cantone
47%
Mele
47%
Pieve Ligure
47%
Uscio
47%
Masone
41%
Zoagli
41%
Campo Ligure
35%
Campomorone
35%
Mignanego
35%
Moneglia
35%
Ne
35%
Sant'Olcese
35%
Santo Stefano d'Aveto
35%
Serra Riccò
35%
Cogorno
29%
Savignone
29%
Tiglieto
29%
Torriglia
29%
Bargagli
24%
Borzonasca
24%
Casarza Ligure
24%
Cicagna
24%
Favale di Malvaro
24%
Fontanigorda
24%
Moconesi
24%
Montebruno
24%
Montoggio
24%
Orero
24%
Rezzoaglio
24%
San Colombano Certenoli
24%
Vobbia
24%
Avegno
18%
Castiglione Chiavarese
18%
Coreglia Ligure
18%
Davagna
18%
Fascia
18%
Gorreto
18%
Leivi
18%
Lorsica
18%
Mezzanego
18%
Neirone
18%
Rondanina
18%
Rovegno
18%
Tribogna
18%
Valbrevenna
18%
Lumarzo
12%
Propata
12%
Cerenesi
6%
Carascp
0%
Corecefieschi
0%
Santa Maria Ligure
0%

Distribuzione punteggi

Percentile per numero di risposta

Percentuale di utenti per punteggio

I tuoi punteggi nel tempo

Non hai fatto questo quiz